000 00912nam a2200217Ia 4500
999 _c38760
_d38760
001 5096
003 GE_BSU
005 20190424121656.0
008 181216s1980||||ge |||||||||||||| ||geo||
040 _cGE_BSU
041 _ageo
080 _a621.316 ქ-88
100 _aქურდიანი, ი.
_9465
245 _aრელეური დაცვა :
_b ზოგადი ნაწილი და დენური დაცვები ; ლექციების კონსპექტი /
_c ი.ქურდიანი ; რედ. ე. გიორგაძე.
264 _aთბილისი :
_bსპი,
_c1980.
300 _a86 გვ. :
_bნახაზ. ;
_c20 სმ.
653 _aრელეური დაცვა
653 _a დენური დაცვა
700 _a ე. გიორგაძე
_eრედაქტორი
_9466
942 _cBK
_2udc